000 00591njm a2200181 i 4500
001 C2-0268128
003 PPAK
005 20180729152305.0
008 060808s1989 my |||| ||||| | may d
040 _aPPAK
_beng
_cPPAK
_erda
245 0 0 _aHari Sastera Kedah
_b(Makalah XVIII) Novel Shaari A.B dan Nirwan Ananda oleh Abd. Rahman Aziz
264 1 _aAlor Setar, Kedah :
_bPerbadanan Perpustakaan Awam Kedah ,
_c1989
336 _2rdacontent
_atext
337 _2rdamedia
_aunmediated
338 _2rdacarrier
_avolume
500 _aDirakam pada 6/8/89 ; Tiada transkripsi
942 _ddc
_cB
999 _c163501
_d163501